|
|
|
|
| LEADER |
00000nab a2200000 a 4500 |
| 001 |
vtls001564066 |
| 003 |
SK-MaSNL |
| 005 |
20260305001227.0 |
| 008 |
250505c2004 xo 0 slo |
| 015 |
|
|
|a SNBCL2005/2
|
| 035 |
|
|
|a SLK030794
|
| 035 |
|
|
|a urn:nbn:sk:snk-ab6zc0
|
| 035 |
|
|
|a (uuid)0efe896c-1cc8-4aad-881e-35331ddfc34f
|
| 035 |
|
|
|a (urnnbn)urn:nbn:sk:snk:ar-a06cci
|
| 035 |
|
|
|a (sysno)vtls001564066
|
| 040 |
|
|
|a SNKBUCL
|b slo
|c SNKBUCL
|e AACR2
|
| 041 |
0 |
|
|a eng
|b eng
|
| 044 |
|
|
|a xo
|c SK
|
| 080 |
|
|
|a 547.833:616-091.8:575.113
|2 1981
|
| 100 |
1 |
|
|a Jantová, Soňa,
|d 1955-
|4 aut
|9 192967
|
| 245 |
1 |
0 |
|a Cytotoxic and genotoxic effects of some substituted tetrazolo[1,5-c]quinazolines
|c S. Jantová, M. Theiszová, M. Mikulášová
|
| 300 |
|
|
|b Graf, tab.
|
| 504 |
|
|
|a Res. angl.
|
| 504 |
|
|
|a Bibliogr. odkazy
|
| 650 |
0 |
7 |
|a chinazolíny
|2 MESH
|9 998709
|
| 650 |
0 |
7 |
|a imunologická cytotoxicita
|2 MESH
|9 1216347
|
| 650 |
0 |
7 |
|a genotyp
|2 MESH
|9 19992
|
| 650 |
0 |
7 |
|a línia bunková nádorová
|2 MESH
|9 1432878
|
| 650 |
0 |
7 |
|a glukány
|2 MESH
|9 16265
|
| 650 |
0 |
7 |
|a elektroforéza
|2 MESH
|9 19062
|
| 650 |
0 |
7 |
|a potkany Sprague-Dawley
|2 MESH
|9 1434062
|
| 700 |
1 |
|
|a Theiszová, M.
|4 aut
|9 779620
|
| 700 |
1 |
|
|a Mikulášová, Mária,
|d 1955-
|4 aut
|9 11090
|
| 773 |
0 |
|
|t Neoplasma
|g Vol. 51, no. 6 (2004), p. 436-441
|x 0028-2685
|
| 850 |
|
|
|a Slovenská národná knižnica
|
| 852 |
|
|
|a Slovenská národná knižnica
|
| 958 |
|
|
|a article27
|
| 958 |
|
|
|a OND
|
| 958 |
|
|
|a EUIPO
|
| 999 |
|
|
|c 3218052
|d 3219982
|